00968nam a2200241 a 450000100100000000500170001000800410002702000150006804000250008308200170010811000150012524500960014026001040023630000410034049000410038150000330042250000440045570000320049983000480053104900090057995201210058899900170070900002443520240627090350.0110127s1991 it ad r 001 0 spa d a9253028629 aDO-SdBNPbspacBNPHU axxxxxxbO68r aFAO95009510aRaíces, tubérculos, platanos y bananas en la nutrición humana /cprólogo P. Lunven. aRoma :bOrganización de las Naciones Unidas para la Agricultura y la Alimentación (FAO),c1991. axvii, 196 p. :bil., diag. ;c21 cm.1 aFAO: Aimentación y nutriciónv24 aIncluye índice de cuadros. aIncluyen notas al pie de las páginas.1 aLunven, P.,epról.950096 0aFAO: Aimentación y nutriciónn24950097 aBNGR 001054708MOaGRbGRcCTd2011-01-27iLF1l0oxxxxxx O68rp24435-10r2020-06-25w2020-06-25y4ZPréstamo en sala c23928d23928